000
00259nam a2200133Ia 4500
100
_a
None
942
_c
BK
654
_a
machine
245
_a
Introduction of Machine tools
260
_b
none
082
_a
621.902
_b
INT
300
_a
79
546
_a
ENGLISH
999
_c
22649
_d
22649